000
00248nam a2200121Ia 4500
100
_a
#N/A
942
_c
BK
245
_a
Fundamentals of Kinematics and Dynamics of Machines
260
_b
#N/A
082
_b
21899
546
_a
ENGLISH
999
_c
32446
_d
32446